Accounting: An Introduction (Record no. 9)
[ view plain ]
| 000 -LEADER | |
|---|---|
| fixed length control field | 00478nam a2200193 4500 |
| 003 - CONTROL NUMBER IDENTIFIER | |
| control field | OSt |
| 005 - DATE AND TIME OF LATEST TRANSACTION | |
| control field | 20260325150313.0 |
| 008 - FIXED-LENGTH DATA ELEMENTS--GENERAL INFORMATION | |
| fixed length control field | 260325b |||||||| |||| 00| 0 eng d |
| 020 ## - INTERNATIONAL STANDARD BOOK NUMBER | |
| International Standard Book Number | 978-0-85776-513-0 |
| 040 ## - CATALOGING SOURCE | |
| Transcribing agency | IFM Library |
| 100 ## - MAIN ENTRY--PERSONAL NAME | |
| Personal name | Mclaney, Eddie |
| 9 (RLIN) | 1 |
| 245 ## - TITLE STATEMENT | |
| Title | Accounting: An Introduction |
| 250 ## - EDITION STATEMENT | |
| Edition statement | 4th |
| 260 ## - PUBLICATION, DISTRIBUTION, ETC. | |
| Name of publisher, distributor, etc. | Harlow: |
| Date of publication, distribution, etc. | Prentice Hall, |
| Place of publication, distribution, etc. | 2008 |
| 300 ## - PHYSICAL DESCRIPTION | |
| Other physical details | xxix, 799p.: ill.; 26cm |
| 500 ## - GENERAL NOTE | |
| General note | Includes Index |
| 700 ## - ADDED ENTRY--PERSONAL NAME | |
| Personal name | Peter, Atrill |
| 942 ## - ADDED ENTRY ELEMENTS (KOHA) | |
| Koha item type | Books |
| Source of classification or shelving scheme | Dewey Decimal Classification |
| Withdrawn status | Lost status | Source of classification or shelving scheme | Damaged status | Not for loan | Collection code | Home library | Current library | Shelving location | Date acquired | Source of acquisition | Full call number | Barcode | Date last seen | Price effective from | Koha item type | Total Checkouts |
|---|---|---|---|---|---|---|---|---|---|---|---|---|---|---|---|---|
| Dewey Decimal Classification | Non-fiction | IFM Main Campus Library | IFM Main Campus Library | Work Room processing | 04/16/2021 | Purchased | 657 MCL | 0000029454 | 02/23/2015 | 02/19/2022 | Books | |||||
| Dewey Decimal Classification | Non-fiction | IFM Main Campus Library | IFM Main Campus Library | Work Room processing | 02/23/2015 | Purchased | 657 MCL | 0000029445 | 02/23/2015 | 02/19/2022 | Books |
